Представление документа в формате MARC21

ПолеНазваниеЗначение
  Тип записи a
  Библиографический уровень m
001 Контрольный номер RU/URAIT/587815
005 Дата корректировки 20260429163700.8
008 Кодируемые данные 260429s2026 RU y f j 000 0 rus u
020 Индекс ISBN __
a ISBN 978-5-534-12444-6
c Цена, тираж 579.00
040 Источник каталогиз. __
a Служба первич. каталог. ИКО Юрайт
c Служба, преобразующая запись ИКО Юрайт
e Правила каталог. RCR
041 Код языка издания __
a Код языка текста rus
044 Код страны публикации __
a Код страны публикации RU
080 Индекс УДК __
a Индекс УДК 159.98(075.8)
084 Индекс другой классификации/Индекс ББК __
2 Источник индекса rubbk
a Индекс другой классификации/Индекс ББК 88.8я73
100 Автор __
a Автор Бобченко Т. Г.
q Полное имя Бобченко Татьяна Григорьевна
245 Заглавие __
a Заглавие Психологические тренинги: основы тренинговой работы
b Продолж. заглавия учебник для вузов
c Ответственность Т. Г. Бобченко.
250 Сведения об издании __
g испр. и доп
a Основные сведения об издании 2-е изд.
256 Характеристики компьютерного файла __
a Характеристики компьютерного файла Электрон. дан.
260 Выходные данные __
a Место издания Москва
b Издательство Юрайт
c Дата издания 2026
300 Физическое описание __
a Объем 132 с
440 Серия __
a Серия Высшее образование
500 Примечания __
a Примечание URL: https://urait.ru/bcode/587815 (дата обращения: 29.04.2026).
520 Аннотация __
a Аннотация Содержание учебного пособия включает теоретические положения, необходимые для овладения студентами практическими умениями в области организации психологического тренинга: сущность психологического тренинга, личность и деятельность ведущего психологический тренинг, особенности и виды тренинговых групп, динамика отношений участников группы, принципы, методы психологического тренинга, этапы подготовки программы тренинга и проведения тренингового занятия, способы оценки эффективности психологического тренинга, организация психологических тренингов с детьми и подростками, их родителями. Соответствует актуальным требованиям Федерального государственного образовательного стандарта высшего образования. Адресовано студентам, получающим высшее образование по направлению 44.03.02 Психолого-педагогическое образование (бакалавриат) и специальности 44.05.01 Педагогика и психология девиантного поведения (специалитет).
538 Прим. о системных особенностях __
a Прим. о системных особенностях Режим доступа: Электронно-библиотечная система Юрайт, для авториз. пользователей
653 Ключевые слова __
a Ключевые слова Педагогическая психология
653 Ключевые слова __
a Ключевые слова Педагогика, психология, социальная работа
653 Ключевые слова __
a Ключевые слова Психологические тренинги
856 Электронный адрес документа 40
n Местонахождение сервера Юрайт
g Электронная книга
q Тип электронного формата html
h Имя пользователя ЮРАЙТ
v Часы доступа к ресурсу 20271231
2 Способ доступа Показать документ
x Служебное примечание https://urait.ru/book/cover/D0850F17-4203-4B8B-8F2A-7A42446D3FCB
u URL https://urait.ru/bcode/587815
856 Электронный адрес документа 48
q Тип электронного формата cover
u URL https://urait.ru/book/cover/D0850F17-4203-4B8B-8F2A-7A42446D3FCB
911 __
u 0030=https://urait.ru/bcode/587815
911 __
u 073a=9785534124446
u 073d=579.00
911 __
u 106a=s
911 __
u 900l=
952 Тип литературы __
i Дисциплина Психологические тренинги